top 10 NBA Players 2023-24 - Statistics

General Stats
  • This quiz has been taken 22 times
  • The average score is 8 of 10
Answer Stats
Hint Answer % Correct
timberwolves Anthony Edward’s
100%
lakers Lebron james
100%
maverick's Luka Doncic
100%
celtics jason tatum
95%
heat Jimmy Butler
90%
Nuggets Jamal Murray
85%
OKC shai
85%
timberwolves Karl Anthony towns
80%
NUGGETS Nikola Jocic
10%
james harden
5%
No matching quizzes found
Score Distribution
Percent of People with Each Score
Percentile by Number Answered
Your Score History
You have not taken this quiz